|
|
|
|
| LEADER |
00642nab a2200169 i 4500 |
| 001 |
acta53185 |
| 005 |
20260224081030.0 |
| 008 |
180405s1939 hu o 000 hun d |
| 040 |
|
|
|a SZTE Egyetemi Kiadványok Repozitórium
|b hun
|
| 041 |
|
|
|a hun
|
| 100 |
1 |
|
|a Berg Pál
|
| 245 |
1 |
3 |
|a Az angol nevelés legújabb reformjai
|h [elektronikus dokumentum] /
|c Berg Pál
|
| 260 |
|
|
|c 1939
|
| 300 |
|
|
|a 308-316
|
| 490 |
0 |
|
|a Nevelésügyi szemle
|v 3 No. 7-8
|
| 695 |
|
|
|a Pedagógia - angol - 20. sz., Nevelésügy - angol - 20. sz., Oktatásügy - angol - 20. sz.
|
| 856 |
4 |
0 |
|u http://acta.bibl.u-szeged.hu/53185/1/nev_szem_003_007_008_308-316.pdf
|z Dokumentum-elérés
|